| 000 | 00701nam a22001937a 4500 | ||
|---|---|---|---|
| 003 | 0 | ||
| 005 | 20251015113205.0 | ||
| 008 | 251015b xxu||||| |||| 00| 0 eng d | ||
| 020 | _a978-1-032-84657-6 | ||
| 050 |
_aRC 569.5.B67 _b.B45 2025 |
||
| 100 |
_aBell, Lorraine, _eauthor. |
||
| 245 |
_aManaging intense emotions and overcoming self-destructive habits : _ba self-help manual / _cLorraine Bell. |
||
| 250 | _aClassic edition. | ||
| 260 |
_aNew York, NY : _bRoutledge, _c2025. |
||
| 300 |
_axv, 229 pages : _billustrations ; _c25 cm. |
||
| 504 | _aIncludes bibliographical references and index. | ||
| 650 |
_aBorderline personality disorder _xTreatment _vHandbooks, manuals, etc. |
||
| 942 |
_2lcc _cBK |
||
| 999 |
_c368245 _d368245 |
||